| 000 | 00645nam a22001937a 4500 | ||
|---|---|---|---|
| 999 |
_c4775 _d4775 |
||
| 003 | AR-CdUCM | ||
| 008 | 190311b ||||| |||| 00| 0 spa d | ||
| 040 |
_aMUNICIPALIDAD PROVINCIAL DEL CUSCO _cBIBLIOTECA MUNICIPAL DEL CUSCO |
||
| 082 |
_a848.9 / _bAN62 |
||
| 245 | _aAntología de la poesía surrealista de la lengua francesa / | ||
| 260 |
_aBuenos Aires : _bCompañía General Fabril Editora, _c1961. |
||
| 300 |
_a353 páginas ; _bfotografías, _c22 cm. |
||
| 500 | _aDonación de la familia Nieto | ||
| 650 |
_aPoetas Franceses _98378 |
||
| 650 |
_aPablo Picasso _914760 |
||
| 650 |
_aSiglo XX _98 |
||
| 942 |
_2ddc _cLIBROS |
||
| 945 | _araen | ||